| 000 | 01243nam0a2200289 4500 | ||
|---|---|---|---|
| 001 | RU\NLR\bibl\495232 | ||
| 005 | 20260407094257.0 | ||
| 010 |
_a5-87761-043-0 _9500 |
||
| 035 | _a(NLR Aleph) 000487869 | ||
| 090 |
_a1094753 _c1094753 |
||
| 100 | _a20040227d2003 |||y0rusy50 ca | ||
| 101 | 0 |
_arus _aarm _abak _abel _aukr |
|
| 102 | _aRU | ||
| 105 | _aag ||||||||| | ||
| 200 | 1 |
_aМы любим и славим тебя, Петербург! _eЛит. альм., посвящ. 300-летию С.-Петербурга _fСоюз писателей "Многонац. С.-Петербург" |
|
| 210 |
_aСПб. _cЯсный Свет _d2003 |
||
| 215 |
_a105 с. _cил., нот. _d21 |
||
| 300 | _aТекст на рус., арм., башк., белорус., укр. яз. | ||
| 607 |
_aСанкт-Петербург, город _xв художественной литературе _91842149 _3RU\NLR\auth\66834001 |
||
| 686 | _aШ6(2=Р)75-94 | ||
| 712 | 0 | 2 |
_4570 _a"Многонациональный Санкт-Петербург", союз писателей _3RU\NLR\AUTH\8810052017 _9604390 |
| 801 | 0 |
_aRU _bNLR _c20040227 _gPSBO |
|
| 801 | 1 |
_aRU _bNLR _c20040227 |
|
| 942 | _cBOOK | ||
| 980 | _aNB | ||